<?xml version="1.0" encoding="UTF-8"?>
<marc:record xmlns:marc="http://www.loc.gov/MARC21/slim">
   <marc:leader>00000nam a2200000 a 4500</marc:leader>
   <marc:datafield ind1="1" ind2=" " tag="100">
      <marc:subfield code="a">Miessen, Markus</marc:subfield>
      <marc:subfield code="4">aut</marc:subfield>
      <marc:subfield code="e">Verfasser/-in</marc:subfield>
   </marc:datafield>
   <marc:datafield ind1="1" ind2=" " tag="100">
      <marc:subfield code="a">Miessen, Markus</marc:subfield>
   </marc:datafield>
   <marc:datafield ind1=" " ind2=" " tag="653">
      <marc:subfield code="a">Ästhetik</marc:subfield>
   </marc:datafield>
   <marc:datafield ind1=" " ind2=" " tag="653">
      <marc:subfield code="a">Raum</marc:subfield>
   </marc:datafield>
   <marc:datafield ind1=" " ind2=" " tag="653">
      <marc:subfield code="a">Partizipation</marc:subfield>
   </marc:datafield>
   <marc:datafield ind1=" " ind2=" " tag="653">
      <marc:subfield code="a">Gesellschaftskritik</marc:subfield>
   </marc:datafield>
   <marc:datafield ind1=" " ind2=" " tag="653">
      <marc:subfield code="a">Softcover / Philosophie</marc:subfield>
   </marc:datafield>
   <marc:datafield ind1="0" ind2="0" tag="245">
      <marc:subfield code="a">Albtraum Partizipation</marc:subfield>
   </marc:datafield>
   <marc:datafield ind1="0" ind2="0" tag="245">
      <marc:subfield code="c">Markus Miessen. Aus dem Engl. von Ronald Voullié</marc:subfield>
   </marc:datafield>
   <marc:datafield ind1=" " ind2="1" tag="264">
      <marc:subfield code="a">Berlin</marc:subfield>
      <marc:subfield code="b">Merve</marc:subfield>
      <marc:subfield code="c">2012</marc:subfield>
   </marc:datafield>
   <marc:datafield ind1="1" ind2=" " tag="490">
      <marc:subfield code="a">Internationaler Merve-Diskurs</marc:subfield>
      <marc:subfield code="v">339</marc:subfield>
   </marc:datafield>
   <marc:datafield ind1="1" ind2=" " tag="520">
      <marc:subfield code="a">Angaben aus der Verlagsmeldung

Albtraum Partizipation The Nightmare of Participation / von Markus Miessen

Seit etwa zehn Jahren kann man einen stetig steigenden übermäßigen Gebrauch des Begriffs „Partizipation“ beobachten. In dem Maße, in dem sich jeder zu einem „Teilnehmer“, einem „Partizipanten“ wandelte, nahm die meist unkritische, naive und romantische Verwendung des Begriffs streckenweise beängstigende Ausmaße an. Versehen mit einem oft nostalgischen Flair von Schutzwürdigkeit, Scheinsolidarität und politischer Korrektheit, hat sich die „Partizipation“ insbesondere in der Politik zur Standardausrede entwickelt, wenn es darum ging, sich aus der Verantwortung zu ziehen. Der hier vorgelegte dritte Teil einer „Trilogie der Partizipation“ versucht die Rolle des „interesselosen Außenseiters“, eines „ungefragten Teilnehmers“ stark zu machen, der, unbehindert von bestehenden Regelvorgaben, einzig mit seinem kreativen Intellekt und dem Willen zur Veränderung ausgerüstet auf den Plan tritt.
</marc:subfield>
   </marc:datafield>
   <marc:datafield ind1=" " ind2=" " tag="020">
      <marc:subfield code="a">9783883962771</marc:subfield>
      <marc:subfield code="9">9783883962771</marc:subfield>
   </marc:datafield>
   <marc:datafield ind1=" " ind2=" " tag="041">
      <marc:subfield code="a">ger</marc:subfield>
   </marc:datafield>
   <marc:datafield ind1=" " ind2=" " tag="300">
      <marc:subfield code="a">247 S.</marc:subfield>
   </marc:datafield>
</marc:record>
